Naturaleza de la cosa juzgada
Gespeichert in:
| 1. Verfasser: | |
|---|---|
| Format: | Buch |
| Sprache: | Spanisch |
| Veröffentlicht: |
Ciudad de México
Jurídica Universitaria
2001
|
| Schriftenreihe: | Obras Selectas del Derecho Procesal, 2
|
| Schlagworte: | |
| Tags: |
Tag hinzufügen
Keine Tags, Fügen Sie den ersten Tag hinzu!
|
MARC
| LEADER | 00000nam a2200000 a 4500 | ||
|---|---|---|---|
| 001 | UCI4184 | ||
| 003 | CL-VaPUC | ||
| 008 | 071228e20010000MX |||||||||||||||||spa|d | ||
| 020 | |a 9968380849 Serie Completa | ||
| 020 | |a 9968380326 | ||
| 082 | 0 | 4 | |a 347.02 |b VEL |2 21 |
| 100 | 0 | |a Vellani, Mario |e author |9 525920 | |
| 245 | 1 | 0 | |a Naturaleza de la cosa juzgada |
| 300 | |a 87 p | ||
| 942 | |c BK | ||
| 945 | |d 20071228 00:00:00 |a rbrito | ||
| 260 | |a Ciudad de México |b Jurídica Universitaria |c 2001 | ||
| 650 | 0 | |a Derecho procesal penal |9 255496 | |
| 650 | 0 | |a Jurisdicción |9 255090 | |
| 650 | 0 | |a Jurisprudencia |9 255952 | |
| 650 | 0 | |a Cosa juzgada |9 255091 | |
| 583 | |a last modification |c 20170406 11:26:02 |k Rodrigo Vera | ||
| 490 | 0 | |a Obras Selectas del Derecho Procesal, 2 | |
| 999 | |c 328166 |d 328164 | ||
| 952 | |0 0 |1 0 |4 0 |6 347_020000000000000_VEL_2001 |7 0 |8 A |9 411958 |a BIBDER |b BIBDER |d 2019-11-22 |i 4398718 |l 2 |o 347.02 VEL 2001 |p 4398718 |r 2024-07-19 |s 2024-07-19 |w 2019-11-22 |y BK |k DER | ||